[Event "WJCC U20 Open 2019"]
[Site "New Delhi"]
[Date "2019.10.19"]
[Round "6.33"]
[White "Di Benedetto, Edoardo"]
[Black "De Silva, L M S T"]
[Result "1-0"]
[WhiteElo "2401"]
[BlackElo "1879"]
[Annotator "NA"]
[PlyCount "149"]
[EventDate "2019.10.15"]
[EventType "swiss"]
[EventCountry "IND"]
[SourceTitle "playchess.com"]
[Source "ChessBase"]
[SourceQuality "1"]
[TimeControl "40/5400+30:1800+30"]

1. d4 {[%emt 0:00:00]} Nf6 {[%emt 0:00:00]} 2. c4 {[%emt 0:00:00]} e6 {[%emt 0:00:00]} 3. Nc3 {[%emt 0:00:00]} Bb4 {[%emt 0:00:00]} 4. e3 {[%emt 0:00:00]} O-O {[%emt 0:00:00]} 5. Bd3 d5 {[%emt 0:01:04]} 6. cxd5 {[%emt 0:00:03]} exd5 {[%emt 0:00:42]} 7. Nge2 {[%emt 0:00:14]} b6 {[%emt 0:02:08]} 8. O-O {[%emt 0:00:38]} Bb7 {[%emt 0:00:23]} 9. f3 {[%emt 0:01:53]} c5 {[%emt 0:02:14]} 10. a3 {[%emt 0:00:59]} Bxc3 {[%emt 0:01:32]} 11. bxc3 {[%emt 0:00:51]} Nc6 {[%emt 0:01:11]} 12. g4 {[%emt 0:02:02]} h6 {[%emt 0:02:56]} 13. Rf2 {[%emt 0:00:29]} Rc8 {[%emt 0:02:55]} 14. Rg2 {[%emt 0:02:10]} Ne8 $11 {[%emt 0:04:39]} 15. Kh1 {[%emt 0:32:15]} Na5 {[%emt 0:03:09]} 16. Rb1 {[%emt 0:00:48]} cxd4 {[%emt 0:02:06]} 17. exd4 {[%emt 0:01:44]} Nc4 {[%emt 0:06:35]} 18. g5 {[%emt 0:04:17]} hxg5 {[%emt 0:01:46]} 19. Bxg5 {[%emt 0:06:32]} f6 {[%emt 0:01:55]} 20. Bf4 {[%emt 0:01:12]} Qe7 {[%emt 0:16:24]} 21. Ng3 {[%emt 0:06:53]} Ncd6 {[%emt 0:12:12]} 22. Qc2 {[%emt 0:11:53]} Bc6 {[%emt 0:09:29]} 23. Rbg1 {[%emt 0:02:40]} Rc7 {[%emt 0:07:57]} 24. Nf5 {[%emt 0:04:09]} Nxf5 {[%emt 0:01:18]} 25. Bxf5 {[%emt 0:00:48]} Rb7 {[%emt 0:06:35]} 26. Bc8 {[%emt 0:01:49]} Qxa3 {[%emt 0:03:28]} 27. Be6+ {[%emt 0:00:32]} Rff7 {[%emt 0:01:40]} 28. Bh6 {[%emt 0:03:05]} Kf8 {[%emt 0:03:54]} 29. Bxf7 {[%emt 0:01:09]} Rxf7 {[%emt 0:00:12]} 30. Bc1 {[%emt 0:00:12]} Qa5 {[%emt 0:00:44]} 31. Qb3 {[%emt 0:03:25]} Kg8 {[%emt 0:00:16]} 32. Re1 {[%emt 0:04:26]} Qb5 {[%emt 0:02:36]} 33. Qxb5 {[%emt 0:02:30]} Bxb5 {[%emt 0:00:01]} 34. Bf4 {[%emt 0:02:22]} Kf8 {[%emt 0:00:44]} 35. Ra2 {[%emt 0:00:22]} a6 {[%emt 0:01:29]} 36. Kg2 {[%emt 0:02:02]} Re7 {[%emt 0:01:19]} 37. Raa1 {[%emt 0:01:04]} Bc4 {[%emt 0:01:15]} 38. Rab1 {[%emt 0:02:08]} Rxe1 {[%emt 0:00:25]} 39. Rxe1 {[%emt 0:00:06]} Kf7 {[%emt 0:00:50]} 40. Rb1 {[%emt 0:00:12]} Bb5 {[%emt 0:00:23]} 41. Bb8 {[%emt 0:30:43]} Ke6 {[%emt 0:31:31]} 42. Ba7 {[%emt 0:00:46]} Nd6 {[%emt 0:00:00]} 43. Bxb6 {[%emt 0:00:00]} Nb7 {[%emt 0:00:00]} 44. Kg3 {[%emt 0:00:00]} Kd7 {[%emt 0:00:00]} 45. h4 {[%emt 0:00:00]} Kc6 {[%emt 0:00:00]} 46. Ba7 {[%emt 0:00:00]} a5 {[%emt 0:00:00]} 47. Kf4 {[%emt 0:00:00]} g6 {[%emt 0:00:00]} 48. Rg1 {[%emt 0:00:00]} Bd3 {[%emt 0:00:00]} 49. Ke3 {[%emt 0:00:00]} Bf5 {[%emt 0:00:00]} 50. Ra1 {[%emt 0:00:00]} Kb5 {[%emt 0:00:00]} 51. Bc5 {[%emt 0:00:00]} a4 {[%emt 0:00:00]} 52. Be7 {[%emt 0:00:00]} Na5 {[%emt 0:00:00]} 53. Bxf6 {[%emt 0:00:00]} Nb3 {[%emt 0:00:00]} 54. Ra3 {[%emt 0:00:00]} Bd7 {[%emt 0:00:00]} 55. Be7 {[%emt 0:00:00]} Kc4 {[%emt 0:00:00]} 56. Kf4 {[%emt 0:03:48]} Kxc3 {[%emt 0:00:00]} 57. Kg5 {[%emt 0:00:26]} Be8 {[%emt 0:00:00]} 58. f4 {[%emt 0:00:19]} Kxd4 {[%emt 0:03:10]} 59. f5 {[%emt 0:00:03]} gxf5 {[%emt 0:00:47]} 60. h5 {[%emt 0:00:08]} Bxh5 {[%emt 0:03:40]} 61. Rxa4+ {[%emt 0:00:27]} Kc3 {[%emt 0:01:40]} 62. Bf6+ {[%emt 0:00:39]} Kd3 {[%emt 0:01:01]} 63. Kxh5 {[%emt 0:00:05]} d4 {[%emt 0:00:39]} 64. Kg5 {[%emt 0:00:10]} Kc3 {[%emt 0:00:07]} 65. Kxf5 {[%emt 0:00:44]} Kd3 {[%emt 0:00:22]} 66. Kf4 {[%emt 0:00:21]} Kc3 {[%emt 0:00:06]} 67. Kg3 {[%emt 0:00:48]} Kd3 {[%emt 0:00:19]} 68. Bh8 {[%emt 0:00:42]} Kc3 {[%emt 0:00:08]} 69. Bg7 {[%emt 0:00:30]} Kd3 {[%emt 0:00:12]} 70. Kf4 {[%emt 0:00:06]} Kc3 {[%emt 0:00:06]} 71. Kf5 {[%emt 0:00:04]} Kd3 {[%emt 0:00:11]} 72. Kg6 {[%emt 0:00:06]} Kc3 {[%emt 0:00:07]} 73. Kf7 {[%emt 0:00:10]} Kd3 {[%emt 0:00:06]} 74. Ke7 {[%emt 0:00:07]} Kc3 {[%emt 0:00:04]} 75. Kd6 {[%emt 0:00:06]} 1-0

[Event "WJCC U20 Open 2019"]
[Site "New Delhi"]
[Date "2019.10.19"]
[Round "6.34"]
[White "Donoso Diaz, Sebastian"]
[Black "Dobrovoljc, Vid"]
[Result "1/2-1/2"]
[WhiteElo "2203"]
[BlackElo "2389"]
[Annotator "TA"]
[PlyCount "56"]
[EventDate "2019.10.15"]
[EventType "swiss"]
[EventCountry "IND"]
[SourceTitle "playchess.com"]
[Source "ChessBase"]
[SourceQuality "1"]

{[%evp 16,56,37,31,20,0,0,0,4,0,77,37,58,0,0,0,0,-62,53,44,40,42,33,60,76,50,83,82,265,275,275,193,210,-150,-160,-161,0,0,0,-158,0,0,0]} 1. d4 Nf6 2. c4 g6 3. Nc3 Bg7 4. e4 d6 5. h3 O-O 6. Be3 e5 7. d5 a5 8. Nf3 Na6 9. g4 Nd7 {E90: King's Indian: Classical: Early deviations and 6 h3} (9... Nc5 10. Nd2 c6 11. Be2 a4 12. h4 Qa5 13. f3 a3 14. Qc2 axb2 15. Qxb2 h5 16. g5 Nfd7 17. O-O f6 18. Kg2 Qd8 19. Nb3 fxg5 20. hxg5 {½-½ (67) Nepomniachtchi,I (2757)-Grischuk,A (2766) chess.com INT 2018}) 10. Be2 Ndc5 11. Rg1 Kh8 12. Qd2 c6 (12... f5 $11 {keeps the balance.}) 13. O-O-O a4 $146 ({Predecessor:} 13... Bd7 14. h4 cxd5 15. cxd5 {0-1 (36) Pal,P (2205)-Molnar,B (2380) Zalakaros 1997}) 14. dxc6 ({Better is} 14. h4 $1 $14) 14... bxc6 $11 15. Qxd6 {[%mdl 64] [#] Double Attack} Qa5 $1 16. Nxe5 (16. Qxc6 $11 Rb8 17. Nb5) 16... a3 (16... Bb7 $1 $15) 17. Nxc6 $14 axb2+ 18. Kb1 Qxc3 19. Bd4 Qxd4 20. Rxd4 Bb7 21. e5 Bxc6 $2 (21... Rae8 $16 {might work better.}) 22. Qxc6 $18 Rfc8 23. Qd6 {And now Rgd1 would win.} Nb4 24. Kxb2 $2 (24. Rd5 $18 Nxd5 25. Qxd5) 24... Rxa2+ $17 25. Kc3 {aiming for Qd8+!} Ra3+ {[%mdl 1024] Black has strong compensation.} 26. Kb2 (26. Kxb4 $2 {leads to mate.} Rb3+ 27. Ka5 Ra8+ 28. Qa6 Rxa6#) 26... Ra2+ 27. Kc3 {[#] Hoping for Qd8+!} Ra3+ $2 ({Black should try} 27... Bf8 $1 $17 {[%cal Rf8d6]} 28. Qf6+ {[%mdl 64] Double Attack} (28. Kxb4 Bxd6 29. exd6 Rb2+ 30. Kc3 Rxe2 $17) 28... Kg8) 28. Kb2 $11 (28. Kxb4 $2 {is a self mate.} Rb3+ 29. Ka5 Ra8+ 30. Qa6 Rxa6#) 28... Ra2+ {Accuracy: White = 46%, Black = 61%.} 1/2-1/2

[Event "WJCC U20 Open 2019"]
[Site "New Delhi"]
[Date "2019.10.19"]
[Round "6.35"]
[White "Rakesh Kumar Jena"]
[Black "Vatsal Singhania"]
[Result "1/2-1/2"]
[WhiteElo "2355"]
[BlackElo "2157"]
[Annotator "NA"]
[PlyCount "67"]
[EventDate "2019.10.15"]
[EventType "swiss"]
[EventCountry "IND"]
[SourceTitle "playchess.com"]
[Source "ChessBase"]
[SourceQuality "1"]
[TimeControl "40/5400+30:1800+30"]

1. d4 Nf6 2. Nf3 d5 3. Bf4 c5 4. e3 Nc6 5. Nbd2 Qb6 6. dxc5 Qxb2 7. Rb1 Qc3 8. Bb5 e6 9. O-O Be7 10. Bxc6+ bxc6 $11 11. Ne5 Ba6 12. Nxc6 Qxc5 13. Nxe7 Qxe7 14. c4 O-O 15. Qa4 Bxc4 16. Nxc4 dxc4 17. Qxc4 Rac8 18. Qa6 Rfd8 19. Rb7 Qc5 20. Qxa7 Qxa7 21. Rxa7 h5 22. Bg5 Rc2 23. a4 Ra2 24. g3 Rc8 25. Bxf6 gxf6 26. Kg2 Rc4 27. a5 Rca4 28. Kh3 Rxa5 29. Rxa5 Rxa5 30. Kh4 Kg7 31. g4 Rg5 32. gxh5 Kh6 33. f4 Rg2 34. Kh3 1/2-1/2

[Event "WJCC U20 Open 2019"]
[Site "New Delhi"]
[Date "2019.10.19"]
[Round "6.36"]
[White "Cansun, Can Alp"]
[Black "Eugene, Floryan"]
[Result "0-1"]
[WhiteElo "2199"]
[BlackElo "2346"]
[Annotator "NA"]
[PlyCount "98"]
[EventDate "2019.10.15"]
[EventType "swiss"]
[EventCountry "IND"]
[SourceTitle "playchess.com"]
[Source "ChessBase"]
[SourceQuality "1"]
[TimeControl "40/5400+30:1800+30"]

1. e4 {[%emt 0:00:00]} e5 {[%emt 0:00:00]} 2. Nf3 {[%emt 0:00:00]} Nc6 {[%emt 0:00:26]} 3. Bb5 {[%emt 0:00:00]} a6 {[%emt 0:00:49]} 4. Ba4 {[%emt 0:00:00]} Nge7 {[%emt 0:00:32]} 5. c3 {[%emt 0:01:12]} g6 {[%emt 0:00:19]} 6. d4 {[%emt 0:00:14]} exd4 {[%emt 0:01:21]} 7. cxd4 {[%emt 0:03:30]} Bg7 {[%emt 0:01:14]} 8. O-O {[%emt 0:00:49]} O-O {[%emt 0:00:13]} 9. d5 {[%emt 0:00:39]} Na5 {[%emt 0:00:14]} 10. Nc3 {[%emt 0:02:15]} b5 {[%emt 0:00:36]} 11. Bc2 {[%emt 0:00:07]} d6 {[%emt 0:00:09]} 12. Rb1 {[%emt 0:02:32]} b4 {[%emt 0:07:45]} 13. Ne2 {[%emt 0:01:50]} Bg4 {[%emt 0:00:17]} 14. Nf4 {[%emt 0:09:15]} c5 {[%emt 0:10:09]} 15. b3 {[%emt 0:10:41]} Nc8 {[%emt 0:06:36]} 16. Bd3 {[%emt 0:02:15]} Re8 {[%emt 0:05:50]} 17. h3 {[%emt 0:02:33]} Bd7 {[%emt 0:00:39]} 18. Qc2 {[%emt 0:04:58]} Na7 {[%emt 0:03:40]} 19. Bb2 {[%emt 0:02:16]} Bb5 {[%emt 0:00:55]} 20. Rfe1 {[%emt 0:11:28]} Bxd3 {[%emt 0:17:57]} 21. Nxd3 {[%emt 0:01:10]} Nb5 {[%emt 0:00:25]} 22. e5 {[%emt 0:06:57]} Rc8 {[%emt 0:09:41]} 23. e6 {[%emt 0:06:36]} fxe6 {[%emt 0:01:59]} 24. dxe6 {[%emt 0:00:34]} Bxb2 {[%emt 0:05:35]} 25. Qxb2 {[%emt 0:00:51]} Nc3 {[%emt 0:00:07]} 26. Nf4 {[%emt 0:17:17]} Qf6 {[%emt 0:04:50]} 27. Qd2 {[%emt 0:01:11]} Nxb1 {[%emt 0:02:21]} 28. Rxb1 {[%emt 0:00:11]} Nc6 {[%emt 0:02:05]} 29. h4 {[%emt 0:07:21]} Rf8 {[%emt 0:02:42]} 30. g3 {[%emt 0:02:36]} Ne5 {[%emt 0:00:30]} 31. Qd5 {[%emt 0:00:36]} Nxf3+ {[%emt 0:00:47]} 32. Qxf3 {[%emt 0:00:16]} Qxe6 {[%emt 0:00:10]} 33. Rd1 {[%emt 0:00:18]} Rce8 {[%emt 0:02:20]} 34. Qd3 {[%emt 0:00:52]} Qg4 {[%emt 0:01:09]} 35. Qd5+ {[%emt 0:01:15]} Kh8 {[%emt 0:00:12]} 36. Kf1 {[%emt 0:01:13]} Rf6 {[%emt 0:00:45]} 37. Rd3 {[%emt 0:01:39]} Qf5 {[%emt 0:03:25]} 38. Qxf5 {[%emt 0:01:00]} gxf5 {[%emt 0:00:13]} 39. Nd5 {[%emt 0:00:26]} Rfe6 {[%emt 0:00:16]} 40. Ne3 {[%emt 0:00:01]} f4 {[%emt 0:02:49]} 41. gxf4 {[%emt 0:30:06]} Re4 {[%emt 0:30:21]} 42. f5 {[%emt 0:00:28]} Rd4 {[%emt 0:02:48]} 43. Ke2 {[%emt 0:00:00]} Ree4 {[%emt 0:00:00]} 44. Kd2 {[%emt 0:00:00]} Rxh4 {[%emt 0:00:00]} 45. Nc4 {[%emt 0:00:00]} Kg7 {[%emt 0:00:00]} 46. Rxd4 {[%emt 0:00:00]} Rxd4+ {[%emt 0:00:00]} 47. Ke3 {[%emt 0:00:00]} Rxc4 {[%emt 0:00:00]} 48. bxc4 {[%emt 0:00:00]} Kf6 {[%emt 0:00:00]} 49. Kf4 {[%emt 0:00:00]} a5 {[%emt 0:00:00]} 0-1

[Event "WJCC U20 Open 2019"]
[Site "New Delhi"]
[Date "2019.10.19"]
[Round "6.37"]
[White "Papadiamandis, Elliot"]
[Black "Jablonicky, Martin"]
[Result "1/2-1/2"]
[WhiteElo "2190"]
[BlackElo "2333"]
[Annotator "NA"]
[PlyCount "83"]
[EventDate "2019.10.15"]
[EventType "swiss"]
[EventCountry "IND"]
[SourceTitle "playchess.com"]
[Source "ChessBase"]
[SourceQuality "1"]
[TimeControl "40/5400+30:1800+30"]

1. e4 {[%emt 0:00:00]} g6 {[%emt 0:00:00]} 2. d4 {[%emt 0:00:00]} Bg7 {[%emt 0:00:00]} 3. Nf3 {[%emt 0:00:00]} c6 {[%emt 0:00:05]} 4. Nc3 {[%emt 0:01:14]} d5 {[%emt 0:00:10]} 5. Bf4 {[%emt 0:04:20]} Bg4 {[%emt 0:00:47]} 6. e5 $11 {[%emt 0:05:20]} Qb6 {[%emt 0:04:08]} 7. Qd2 {[%emt 0:04:10]} Bxf3 {[%emt 0:00:07]} 8. gxf3 {[%emt 0:00:06]} e6 {[%emt 0:00:04]} 9. O-O-O {[%emt 0:03:14]} Nd7 {[%emt 0:00:33]} 10. Na4 {[%emt 0:03:30]} Qc7 {[%emt 0:00:22]} 11. Bg5 {[%emt 0:00:25]} b5 {[%emt 0:09:16]} 12. Nc3 {[%emt 0:00:39]} b4 {[%emt 0:04:24]} 13. Ne2 {[%emt 0:09:45]} Qa5 {[%emt 0:00:12]} 14. Kb1 {[%emt 0:09:50]} c5 {[%emt 0:06:07]} 15. f4 {[%emt 0:02:40]} c4 {[%emt 0:00:24]} 16. Rg1 {[%emt 0:12:13]} Bf8 {[%emt 0:00:31]} 17. Rg3 {[%emt 0:03:35]} Rb8 {[%emt 0:00:28]} 18. f5 {[%emt 0:00:59]} gxf5 {[%emt 0:00:33]} 19. Nf4 {[%emt 0:00:13]} Rb6 {[%emt 0:04:17]} 20. Ra3 {[%emt 0:02:25]} Qb5 {[%emt 0:03:29]} 21. Rxa7 {[%emt 0:04:06]} Ra6 {[%emt 0:01:12]} 22. Rxa6 {[%emt 0:00:59]} Qxa6 {[%emt 0:00:01]} 23. Nh5 {[%emt 0:03:57]} Nb6 {[%emt 0:01:43]} 24. Be2 {[%emt 0:02:43]} Na4 {[%emt 0:01:07]} 25. Rg1 {[%emt 0:00:27]} Qa5 {[%emt 0:03:07]} 26. Rg3 {[%emt 0:05:47]} Qb6 {[%emt 0:05:50]} 27. Nf6+ {[%emt 0:02:02]} Nxf6 {[%emt 0:00:05]} 28. Bxf6 {[%emt 0:00:03]} Nc3+ {[%emt 0:00:04]} 29. Ka1 {[%emt 0:01:33]} Ne4 {[%emt 0:00:18]} 30. Qe3 {[%emt 0:01:06]} Nxf6 {[%emt 0:00:25]} 31. exf6 {[%emt 0:00:03]} f4 {[%emt 0:00:05]} 32. Qxf4 {[%emt 0:00:23]} Bd6 {[%emt 0:00:04]} 33. Qe3 {[%emt 0:01:06]} Bxg3 {[%emt 0:00:06]} 34. fxg3 {[%emt 0:00:25]} Qa5 {[%emt 0:00:46]} 35. Bh5 {[%emt 0:00:24]} Qa6 {[%emt 0:02:01]} 36. c3 {[%emt 0:03:34]} bxc3 {[%emt 0:01:36]} 37. Qxc3 {[%emt 0:00:15]} Qb6 {[%emt 0:06:04]} 38. Qa3 {[%emt 0:01:13]} Qd8 {[%emt 0:00:11]} 39. Qa4+ {[%emt 0:00:35]} Kf8 {[%emt 0:00:23]} 40. Qa3+ {[%emt 0:00:03]} Ke8 {[%emt 0:01:02]} 41. Qa4+ {[%emt 0:30:16]} Kf8 {[%emt 0:30:17]} 42. Qa3+ {[%emt 0:00:27]} 1/2-1/2

[Event "WJCC U20 Open 2019"]
[Site "New Delhi"]
[Date "2019.10.19"]
[Round "6.38"]
[White "Licheli, Luka"]
[Black "Sterck, Arno"]
[Result "1/2-1/2"]
[WhiteElo "2010"]
[BlackElo "2331"]
[Annotator "NA"]
[PlyCount "150"]
[EventDate "2019.10.15"]
[EventType "swiss"]
[EventCountry "IND"]
[SourceTitle "playchess.com"]
[Source "ChessBase"]
[SourceQuality "1"]
[TimeControl "40/5400+30:1800+30"]

1. e4 e5 2. Nc3 Nf6 3. Nf3 Nc6 4. Bc4 Nxe4 5. Nxe4 d5 6. Bd3 Nb4 7. Ng3 e4 8. Bxe4 dxe4 9. Nxe4 Bg4 10. a3 Bxf3 11. gxf3 Nc6 12. d3 Be7 13. Be3 f5 14. Nc3 f4 15. Bxf4 Nd4 16. Be3 O-O 17. f4 Qd7 18. Ne4 Rad8 19. Rg1 Qh3 20. Bxd4 Rxd4 21. Qg4 Qh6 22. Ng5 Rfxf4 23. Qc8+ Bf8 24. Qe6+ Qxe6+ 25. Nxe6 Rg4 26. Ke2 Ra4 27. h3 Rh4 28. Rg3 Rh6 29. Nxf8 Kxf8 30. Rag1 g6 31. Rf3+ Ke7 32. Rgg3 Rah4 33. Re3+ Kd7 34. Rgf3 g5 35. Rf7+ Kd6 36. Ree7 Rxh3 37. Rd7+ Ke6 38. Rde7+ Kd6 39. Rd7+ Ke5 40. Rxc7 Rc6 41. Rxc6 bxc6 42. Rxa7 h5 43. Ra5+ Kf4 44. Rc5 g4 45. a4 Rh2 46. Kf1 h4 47. Rxc6 h3 48. Rh6 Rh1+ 49. Ke2 Rc1 50. Kd2 Ra1 51. b3 Kf3 52. Rf6+ Kg2 53. Rf4 h2 54. Rxg4+ Kxf2 55. Rh4 h1=Q 56. Rxh1 Rxh1 57. a5 Kf3 58. c4 Kf4 59. Kc3 Ke5 60. d4+ Kd6 61. Kb4 Kc7 62. Kb5 Kb7 63. b4 Ra1 64. d5 Ra2 65. Kc5 Kc7 66. Kb5 Kb7 67. c5 Rd2 68. d6 Rd4 69. a6+ Ka7 70. Kc6 Rxb4 71. Kc7 Kxa6 72. c6 Rd4 73. Kd7 Rc4 74. Kc7 Rd4 75. d7 Kb5 1/2-1/2

[Event "WJCC U20 Open 2019"]
[Site "New Delhi"]
[Date "2019.10.19"]
[Round "6.39"]
[White "Maltezeanu, Stefan"]
[Black "Muthaiah AL"]
[Result "1/2-1/2"]
[WhiteElo "2102"]
[BlackElo "2370"]
[Annotator "NA"]
[PlyCount "86"]
[EventDate "2019.10.15"]
[EventType "swiss"]
[EventCountry "IND"]
[SourceTitle "playchess.com"]
[Source "ChessBase"]
[SourceQuality "1"]
[TimeControl "40/5400+30:1800+30"]

1. d4 {[%emt 0:00:00]} Nf6 {[%emt 0:01:04]} 2. Bf4 {[%emt 0:00:03]} c5 {[%emt 0:01:21]} 3. e3 {[%emt 0:01:51]} cxd4 {[%emt 0:07:14]} 4. exd4 {[%emt 0:00:42]} d5 {[%emt 0:00:23]} 5. c3 {[%emt 0:01:01]} Nc6 {[%emt 0:00:43]} 6. Nf3 {[%emt 0:00:12]} Bf5 {[%emt 0:03:44]} 7. Qb3 {[%emt 0:07:46]} Qc8 {[%emt 0:00:55]} 8. Nbd2 {[%emt 0:03:41]} e6 {[%emt 0:03:03]} 9. Bb5 {[%emt 0:03:13]} Be7 {[%emt 0:08:31]} 10. O-O {[%emt 0:03:39]} O-O {[%emt 0:01:34]} 11. h3 {[%emt 0:02:42]} a6 {[%emt 0:06:50]} 12. Be2 {[%emt 0:04:19]} h6 {[%emt 0:02:07]} 13. a4 {[%emt 0:00:33]} Bd8 {[%emt 0:09:59]} 14. c4 {[%emt 0:12:25]} Bc7 {[%emt 0:05:31]} 15. Be5 {[%emt 0:04:34]} Nxe5 {[%emt 0:09:44]} 16. dxe5 {[%emt 0:00:41]} dxc4 {[%emt 0:00:23]} 17. Nxc4 {[%emt 0:07:59]} Nd5 {[%emt 0:02:54]} 18. Nd4 {[%emt 0:05:52]} Be4 {[%emt 0:03:58]} 19. Rac1 {[%emt 0:03:04]} Qb8 {[%emt 0:05:28]} 20. Qg3 {[%emt 0:08:44]} Rd8 {[%emt 0:06:36]} 21. Rfd1 {[%emt 0:01:09]} Nb6 {[%emt 0:04:02]} 22. Qg4 {[%emt 0:09:44]} Bd5 {[%emt 0:02:36]} 23. f4 {[%emt 0:03:32]} Nxc4 {[%emt 0:07:16]} 24. Bxc4 {[%emt 0:00:30]} Bxc4 {[%emt 0:00:14]} 25. Rxc4 {[%emt 0:00:06]} b5 {[%emt 0:00:12]} 26. axb5 {[%emt 0:01:17]} axb5 {[%emt 0:00:08]} 27. Rb4 {[%emt 0:02:06]} Ba5 {[%emt 0:02:17]} 28. Rxb5 {[%emt 0:01:29]} Qa7 {[%emt 0:00:10]} 29. Kh2 {[%emt 0:00:08]} Qa6 {[%emt 0:03:52]} 30. Rxa5 {[%emt 0:03:47]} Qxa5 {[%emt 0:00:08]} 31. Nc6 {[%emt 0:00:02]} Qb6 {[%emt 0:00:25]} 32. Nxd8 {[%emt 0:00:06]} Rxd8 {[%emt 0:00:05]} 33. Rxd8+ {[%emt 0:00:22]} Qxd8 {[%emt 0:00:02]} 34. Qe2 {[%emt 0:00:11]} Qd4 {[%emt 0:01:14]} 35. g3 {[%emt 0:01:39]} g5 {[%emt 0:00:53]} 36. fxg5 {[%emt 0:00:17]} hxg5 {[%emt 0:00:07]} 37. Kg2 {[%emt 0:00:45]} Kg7 {[%emt 0:01:12]} 38. Kf3 {[%emt 0:03:31]} Kh6 {[%emt 0:01:10]} 39. Qe3 {[%emt 0:03:41]} Qxb2 {[%emt 0:00:49]} 40. h4 {[%emt 0:00:09]} Qb7+ {[%emt 0:00:19]} 41. Kg4 {[%emt 0:30:29]} Qb4+ {[%emt 0:30:23]} 42. Kh3 {[%emt 0:01:09]} Qe7 {[%emt 0:00:19]} 43. Kg4 {[%emt 0:01:21]} Qb4+ {[%emt 0:00:30]} 1/2-1/2

[Event "WJCC U20 Open 2019"]
[Site "New Delhi"]
[Date "2019.10.19"]
[Round "6.40"]
[White "Risting, Eivind Olav"]
[Black "Hamad Essam"]
[Result "1-0"]
[WhiteElo "2289"]
[BlackElo "1849"]
[Annotator "NA"]
[PlyCount "63"]
[EventDate "2019.10.15"]
[EventType "swiss"]
[EventCountry "IND"]
[SourceTitle "playchess.com"]
[Source "ChessBase"]
[SourceQuality "1"]
[TimeControl "40/5400+30:1800+30"]

1. c4 e5 2. Nc3 Nf6 3. Nf3 Nc6 4. e3 Bb4 5. Qc2 O-O 6. Nd5 Re8 7. Qf5 d6 8. Nxf6+ Qxf6 9. Qxf6 gxf6 10. a3 Bc5 11. b4 Bb6 12. Bb2 Be6 13. Be2 a6 14. O-O d5 15. c5 Ba7 16. h3 b5 17. Bc3 d4 18. exd4 e4 19. Nh2 Rad8 20. Ng4 Bxg4 21. Bxg4 Nxd4 22. a4 f5 23. Bd1 Bb8 24. axb5 axb5 25. Ra8 Rd7 26. Re1 c6 27. Kf1 Red8 28. g4 fxg4 29. Rxe4 Ne6 30. Bxg4 Re8 31. Bxe6 fxe6 32. Be5 1-0

[Event "WJCC U20 Open 2019"]
[Site "New Delhi"]
[Date "2019.10.19"]
[Round "6.41"]
[White "Flores Quillas, Diego Saul Rodri"]
[Black "Sivathanujan, S."]
[Result "1-0"]
[WhiteElo "2164"]
[BlackElo "1766"]
[Annotator "NA"]
[PlyCount "69"]
[EventDate "2019.10.15"]
[EventType "swiss"]
[EventCountry "IND"]
[SourceTitle "playchess.com"]
[Source "ChessBase"]
[SourceQuality "1"]
[TimeControl "40/5400+30:1800+30"]

1. e4 {[%emt 0:00:00]} c5 {[%emt 0:00:00]} 2. Nf3 {[%emt 0:00:00]} Nc6 {[%emt 0:00:02]} 3. d4 {[%emt 0:00:08]} cxd4 {[%emt 0:00:08]} 4. Nxd4 {[%emt 0:00:05]} e6 {[%emt 0:00:11]} 5. Nc3 {[%emt 0:00:29]} Nf6 {[%emt 0:00:10]} 6. Ndb5 {[%emt 0:00:20]} d6 {[%emt 0:04:08]} 7. Bf4 {[%emt 0:00:07]} e5 {[%emt 0:00:17]} 8. Bg5 {[%emt 0:00:04]} a6 {[%emt 0:00:42]} 9. Na3 {[%emt 0:00:08]} Be6 {[%emt 0:01:22]} 10. Nc4 {[%emt 0:01:01]} b5 {[%emt 0:06:50]} 11. Ne3 {[%emt 0:00:25]} Qa5 {[%emt 0:01:11]} 12. Bxf6 {[%emt 0:03:29]} gxf6 {[%emt 0:00:07]} 13. Be2 {[%emt 0:01:44]} Be7 {[%emt 0:02:58]} 14. O-O {[%emt 0:00:14]} Rc8 {[%emt 0:02:50]} 15. Bg4 {[%emt 0:02:02]} Nd4 {[%emt 0:03:32]} 16. Ncd5 {[%emt 0:00:41]} h5 {[%emt 0:03:51]} 17. Bf5 {[%emt 0:01:17]} Nxf5 {[%emt 0:14:24]} 18. exf5 {[%emt 0:00:06]} Bxd5 {[%emt 0:00:08]} 19. Qxd5 {[%emt 0:00:16]} Qb6 {[%emt 0:04:59]} 20. Rfd1 {[%emt 0:00:39]} Qc6 {[%emt 0:03:27]} 21. Qb3 {[%emt 0:02:12]} h4 {[%emt 0:01:02]} 22. h3 {[%emt 0:00:05]} Rg8 {[%emt 0:04:44]} 23. Rd5 {[%emt 0:00:34]} Rg5 {[%emt 0:08:11]} 24. a4 {[%emt 0:00:59]} Rb8 {[%emt 0:00:45]} 25. axb5 {[%emt 0:06:34]} Rxb5 {[%emt 0:00:38]} 26. Rxb5 {[%emt 0:00:03]} axb5 {[%emt 0:05:38]} 27. Ra5 {[%emt 0:00:09]} d5 {[%emt 0:04:19]} 28. Rxb5 {[%emt 0:09:50]} d4 {[%emt 0:01:52]} 29. Qa4 {[%emt 0:07:14]} Qd7 {[%emt 0:08:02]} 30. Qa8+ {[%emt 0:02:48]} Bd8 {[%emt 0:01:07]} 31. Rd5 {[%emt 0:00:05]} Qc7 {[%emt 0:02:15]} 32. Nc4 {[%emt 0:00:07]} e4 {[%emt 0:03:10]} 33. Na5 {[%emt 0:03:30]} e3 34. Nc6 {[%emt 0:00:03]} exf2+ {[%emt 0:02:15]} 35. Kf1 {[%emt 0:00:03]} 1-0